000 00331 a2200145 4500
001 162899
020 _a
040 _cMagnum
100 _a-
240 1 0 _aO galinho mais simpatico do mundo/edelbra
_lpor
245 1 0 _aO galinho mais simpatico do mundo/edelbra
362 0 _a1899
697 _aI/LENDAS, FOLCLORE
942 _cBK
999 _c162899
_d162899